Ανασκόπηση του κλίματος της Λέσβου
Αποθηκεύτηκε σε:
| Κύριος συγγραφέας: | |
|---|---|
| Μορφή: | Βιβλίο |
| Γλώσσα: | Greek |
| Δημοσίευση: |
Μυτιλήνη :
[χ.ό.],
1999.
|
| Θέματα: | |
| Ετικέτες: |
Προσθήκη ετικέτας
Δεν υπάρχουν, Καταχωρήστε ετικέτα πρώτοι!
|
MARC
| LEADER | 00000cam a2200000 a 4500 | ||
|---|---|---|---|
| 001 | 1/121376 | ||
| 008 | 200518s1999####gr |||||||||||||| ||gre|| | ||
| 040 | |a GR-MyUa |b gre |c GR-MyUa |e AACR2 | ||
| 041 | 0 | |a gre | |
| 082 | 7 | |a 551.6949582 |2 (23) | |
| 100 | 1 | |a Χουτζαίος, Γεώργιος Μ. |d 1944- | |
| 245 | 1 | 0 | |a Ανασκόπηση του κλίματος της Λέσβου |h [ανάτυπο] / |c Γεώργιος Μ. Χουτζαίος. |
| 260 | |a Μυτιλήνη : |b [χ.ό.], |c 1999. | ||
| 300 | |a 14 σ. ; |c 25 εκ. | ||
| 500 | |a Ανάτυπο από το Λεσβιακό Ημερολόγιο 1999. | ||
| 650 | 0 | |a Climatology |z Greece |z Lesbos Island. | |
| 852 | |a INST |b LESVOS |e 20200518 |h 551.6949582 ΧΟΥ |p 005100062439 |q 005100062439 |t BK |y 0 | ||
| 920 | |a Χουτζαίος |b Γιώργος |y Λέσβος |z 2001-11 | ||
| 970 | |a Καμάτσου |b Δέσποινα |z 18-05-2020 | ||